000 00276nam a22001217a 4500
008 140417t xxu||||| |||| 00| 0 eng d
020 _a978-1904842415
100 _aR. Luxton
_9823
245 _aClinical Biochemistry
250 _a2nd Edition
300 _a253
942 _2ddc
_cBK
999 _c17070
_d17070